Guess the Fusion Rock Song Lyrics #46 - Statistics

General Stats
  • This quiz has been taken 14 times
  • The average score is 109 of 176
Answer Stats
Answer % Correct
a
92%
I
92%
you
92%
You
92%
in
83%
is
83%
it
83%
my
83%
My
83%
the
83%
this
83%
your
83%
all
75%
be
75%
could
75%
he
75%
I'm
75%
it's
75%
know
75%
Oh
75%
so
75%
can't
67%
Elvis Costello
67%
from
67%
got
67%
hear
67%
Like
67%
look
67%
say
67%
to
67%
were
67%
When
67%
you've
67%
aim
58%
Alison
58%
are
58%
don't
58%
girl
58%
him
58%
if
58%
let
58%
mine
58%
now
58%
of
58%
out
58%
right
58%
see
58%
Take
58%
take
58%
that
58%
too
58%
true
58%
way
58%
world
58%
after
50%
And
50%
But
50%
Cause
50%
Did
50%
get
50%
going
50%
hold
50%
I'll
50%
killing
50%
long
50%
not
50%
only
50%
things
50%
think
50%
took
50%
Well
50%
wish
50%
with
50%
bet
42%
funny
42%
hand
42%
husband
42%
isn't
42%
light
42%
little
42%
loving
42%
off
42%
put
42%
somebody
42%
stop
42%
those
42%
big
33%
cake
33%
dress
33%
other
33%
party
33%
seeing
33%
Sometimes
33%
stand
33%
understand
33%
used
33%
wedding
33%
better
25%
friend
25%
heard
25%
impressed
25%
sentimental
25%
silly
25%
talking
25%
valentines
25%
fingers
17%
leave
17%
lying
17%
pretty
17%
sticky
17%
No matching quizzes found
Score Distribution
Percent of People with Each Score
Percentile by Number Answered
Your Score History
You have not taken this quiz